Pays d'Europe dans un visage abstrait - Statistiques

Statistiques générales
  • Ce quiz a été pris 309 fois
  • Le résultat moyen est 8 sur 11
Statistiques - réponses
Visage Pays % Correct
Italie
99%
Norvège
89%
Croatie
88%
Royaume uni
74%
Portugal
68%
Suède
68%
Albanie
65%
Bulgarie
61%
Hongrie
59%
Belgique
43%
Luxembourg
42%
Aucun quiz correspondant
Distribution des résultats
% des personnes avec chaque résultat
Percentile par nombre de réponses
Votre historique - résultats
Vous n’avez pas pris ce quiz